Plane and geodetic surveying. Vol 2: Higher surveying revised and largely rewritten by J E Jackson (Record no. 87056)
[ view plain ]
| 000 -LEADER | |
|---|---|
| fixed length control field | 00583cam a2200205 4500 |
| 008 - FIXED-LENGTH DATA ELEMENTS--GENERAL INFORMATION | |
| fixed length control field | 090401t1973 xxu||||| |||| 00| 0 eng d |
| 020 ## - INTERNATIONAL STANDARD BOOK NUMBER | |
| International Standard Book Number | 0094591202 |
| 035 ## - SYSTEM CONTROL NUMBER | |
| System control number | (Sirsi) u13102 |
| 041 ## - LANGUAGE CODE | |
| Language code of text/sound track or separate title | eng |
| 050 ## - LIBRARY OF CONGRESS CALL NUMBER | |
| Classification number | 526.902462 |
| 100 ## - MAIN ENTRY--PERSONAL NAME | |
| Personal name | Clark, David |
| 245 ## - TITLE STATEMENT | |
| Title | Plane and geodetic surveying. Vol 2: Higher surveying revised and largely rewritten by J E Jackson |
| 250 ## - EDITION STATEMENT | |
| Edition statement | 6th Rev |
| 260 ## - PUBLICATION, DISTRIBUTION, ETC. | |
| Place of publication, distribution, etc. | London |
| Name of publisher, distributor, etc. | Constable |
| Date of publication, distribution, etc. | 1973 |
| 300 ## - PHYSICAL DESCRIPTION | |
| Extent | (12) 292p. ill. 23cm.Bibl, index |
| 350 ## - PRICE (NR) (BK AM CF MU VM SE) [OBSOLETE] | |
| Price | 2.5 |
| 520 ## - SUMMARY, ETC. | |
| Summary, etc. | With answers, previous ed: 1963 |
| 942 ## - ADDED ENTRY ELEMENTS (KOHA) | |
| Suppress in OPAC | 0 |
| 948 ## - LOCAL PROCESSING INFORMATION (OCLC); SERIES PART DESIGNATOR (RLIN) | |
| c (OCLC) | 04/03/1997 |
| Withdrawn status | Lost status | Source of classification or shelving scheme | Damaged status | Not for loan | Home library | Current library | Shelving location | Date acquired | Cost, normal purchase price | Total Checkouts | Full call number | Barcode | Date last seen | Copy number | Cost, replacement price | Price effective from | Koha item type |
|---|---|---|---|---|---|---|---|---|---|---|---|---|---|---|---|---|---|
| Dewey Decimal Classification | London | London | Basement | 14/09/1999 | 2.50 | SHELF 114 | 30016844 | 06/08/2019 | 1 | 2.50 | 06/08/2019 | Book |